LDR 00720naa#a2200169#i#450# 001 EN\\bibl\20284 005 20260701085918.3 100 ## _a20260630b2026####ek#y0engy0150####ca 102 ## _aRU 200 1# _aMODELING IN THE AUTOMOTIVE INDUSTRY: FROM VIRTUAL TRIALS TO DIGITAL DOUBLES AS A KEY TOOL TO REDUCE COSTS AND ACCELERATE INNOVATION _eConference article/thesis 210 1# _aVoronezh _cFSBE Institution of Higher Education Voronezh State University of Forestry and Technologies named after G.F. Morozov _d2026 215 ## _a7 с. 608 ## _aConference article/thesis _2local 675 ## _aМоделирование. 550.34.013.4 _z 700 #1 _aStryukova _gA. S. 700 #1 _aPoluektov _gAleksandr Vladimirovich 856 4# _abibl.vgltu.ru _u